South Eastern Kenya University

Library Online Public Access Catalogue


Language! : the comprehensive literacy curriculum (Record no. 12894)

MARC details
000 -LEADER
fixed length control field 00712nam a22002537a 4500
003 - CONTROL NUMBER IDENTIFIER
control field OSt
005 - DATE AND TIME OF LATEST TRANSACTION
control field 20160421092946.0
008 - FIXED-LENGTH DATA ELEMENTS--GENERAL INFORMATION
fixed length control field 160421b xxu||||| |||| 00| 0 eng d
020 ## - INTERNATIONAL STANDARD BOOK NUMBER
International Standard Book Number 9781602186637
020 ## - INTERNATIONAL STANDARD BOOK NUMBER
International Standard Book Number 1602186634
040 ## - CATALOGING SOURCE
Original cataloging agency SEKU
050 ## - LIBRARY OF CONGRESS CALL NUMBER
Classification number PE 1112.5
Item number G7 2009
100 ## - MAIN ENTRY--PERSONAL NAME
Personal name Green, Jane Fell
245 ## - TITLE STATEMENT
Title Language! : the comprehensive literacy curriculum
250 ## - EDITION STATEMENT
Edition statement 4th ed
260 ## - PUBLICATION, DISTRIBUTION, ETC. (IMPRINT)
Place of publication, distribution, etc. Boston :
Name of publisher, distributor, etc. Sopris West,
Date of publication, distribution, etc. ©2009.
300 ## - PHYSICAL DESCRIPTION
Extent 194 p. :
Other physical details illustrations ;
Dimensions 24 cm
500 ## - GENERAL NOTE
General note Includes index and glossary
504 ## - BIBLIOGRAPHY, ETC. NOTE
Bibliography, etc Includes bibl. refs
650 ## - SUBJECT ADDED ENTRY--TOPICAL TERM
Topical term or geographic name as entry element Readers (Elementary)
650 ## - SUBJECT ADDED ENTRY--TOPICAL TERM
Topical term or geographic name as entry element Reading (Elementary)
650 ## - SUBJECT ADDED ENTRY--TOPICAL TERM
Topical term or geographic name as entry element Language arts (Elementary)
942 ## - ADDED ENTRY ELEMENTS (KOHA)
Source of classification or shelving scheme Library of Congress Classification
Koha item type General circulation
Holdings
Withdrawn status Lost status Source of classification or shelving scheme Damaged status Not for loan Home library Current library Shelving location Date acquired Source of acquisition Total Checkouts Full call number Barcode Date last seen Price effective from Koha item type Public note
    Library of Congress Classification     Main Campus Library Main Campus Library General Stacks 21/04/2016 Donation - Books for Africa   PE 1112.5 G7 2009 2016/017062 21/04/2016 21/04/2016 General circulation res
Kitui, Kenya.
+254736116989
library@seku.ac.ke